Дело: "Проект докладной записки" неустановленного лица о заготовке хлеба для Петербургского гарнизона, с предложением открыть хл...

Доступно только в Электронных читальных залах Найти на картеНа карте
RUSMARC
00004034nmc2a22002533x 450
0019cfe42e2-9af3-4e0d-9200-d5645ca40c18
00520230904174209.0
100##$a20230406l18681879k l0rusy0189 ca
1010#$arus
102##$aRU
105##$ay###
1222#$ad
2001#$aДело: "Проект докладной записки" неустановленного лица о заготовке хлеба для Петербургского гарнизона, с предложением открыть хлебопекарню для выпечки хлеба и проект контракта на долгосрочную поставку муки. Здесь же письмо Якобсона Михаилу Петровичу фон Кауфману с замечаниями по докладу о поставке хлеба от 16 октября 1868 года
$j16 октября 1868 г.; [1870-е] гг.
215##$a39 л.
$d27,5х40 см
251##$cДело
300##$aМихаил Петрович фон Кауфман (1821-1902 годы). Материалы, связанные со служебной деятельностью. По интендантской части
300##$aНа обложке ошибочно указана дата - 16 октября 1768 года
371##$aДокумент не является опубликованным и широко распространяемым
461#0$100190e07281-0192-43e2-b84a-6d6cf747817c
$12001
$aФон Кауфманы и фон Кауфманы Туркестанские
$1251
$cФонд
$1852
$j954
462#0$1001ff04dd05-f76b-4284-9957-af4e9e6c0442
$12001
$aМатериалы к истории рода Kауфманов; личные и служебные документы К.П., М.П., П.М. Кауфмана
$1251
$cОпись
$1852
$j1
801#0$aRU
$bРГИА
$c20230406
$gRCR
801#1$aRU
$bГлавНИВЦ
$c20230406
$2rusmarc
801#2$aRU
$bПБ им. Б.Н. Ельцина
$c20230904
$gRCR
$2rusmarc
850##$aРГИА
852##$aРГИА
$eФедеральное казенное учреждение "Российский государственный исторический архив" (РГИА)
$j194
937##$hРГИА
$d12390588
$aASBIBLIO_SCAN
035##$aRusGRCC00059370
856##$uhttp://readingroom.main.prlib.ru/item.aspx?id_node=n187348264&mode=full
Формат отображения